[Event "112th YMCA Autumn B"]
[Site "Warszawa"]
[Date "2012.10.10"]
[Round "4"]
[White "Koziol, Pawel"]
[Black "Moskwinski, Marek"]
[Result "1-0"]
[WhiteElo "1829"]
[BlackElo "1809"]
[PlyCount "70"]
[EventDate "2012.09.18"]
[EventType "tourn"]
[EventRounds "1"]
[EventCountry "POL"]
[SourceDate "2012.09.18"]

1. Nf3 d5 2. g3 Nf6 3. Bg2 b6 4. O-O Bb7 5. b3 c5 6. Bb2 e6 7. d3 Bd6 8. Nbd2
Nbd7 9. e4 Qc7 10. exd5 Bxd5 11. Nc4 O-O-O 12. a4 Bxc4 13. bxc4 Be5 14. Nxe5
Nxe5 15. Bxe5 Qxe5 16. a5 Qc7 17. axb6 axb6 18. Qb1 Kd7 19. Ra6 Rb8 20. Qb5+
Ke7 21. Rfa1 Nd7 22. Ra7 Qd6 23. Bc6 Rhd8 24. R1a6 h5 25. Rxb6 Rxb6 26. Qxb6
Rb8 27. Qa6 Rd8 28. Qb5 h4 29. Bxd7 Qe5 30. Bc6+ Kf6 31. Qb1 hxg3 32. hxg3 Qh5
33. Qa1+ e5 34. Bg2 Rb8 35. Rb7 Rxb7 1-0

[Event "112th YMCA Autumn B"]
[Site "Warszawa"]
[Date "2012.10.29"]
[Round "5"]
[White "Maciejewski, Andrzej"]
[Black "Koziol, Pawel"]
[Result "1-0"]
[WhiteElo "1780"]
[BlackElo "1829"]
[Annotator "Admin"]
[PlyCount "127"]
[EventDate "2012.09.18"]
[EventType "tourn"]
[EventRounds "1"]
[EventCountry "POL"]
[SourceDate "2012.09.18"]

1. e4 e5 2. Nf3 Nc6 3. Bb5 a6 4. Ba4 Nf6 5. O-O Be7 6. Re1 b5 7. Bb3 d6 8. c3
O-O 9. h3 Na5 10. Bc2 c5 11. d3 h6 12. Nbd2 Re8 13. Nf1 Bf8 14. d4 Qc7 15. d5
Bd7 16. Ng3 g6 17. Nh2 h5 18. f4 exf4 19. Bxf4 Nc4 20. b3 Ne5 21. Nf3 Bg7 22.
Nxe5 dxe5 23. Be3 Rf8 24. Qf3 Ne8 25. Rf1 Nd6 26. Qf2 Rac8 27. Qd2 Kh7 28. Qe2
f6 29. Rf2 Rf7 30. Raf1 Rcf8 31. b4 cxb4 32. cxb4 Rc8 33. Bb3 h4 34. Nh1 Nxe4
35. d6 Nxd6 36. Bxf7 Nxf7 37. Bc5 Be6 38. Qe4 Rh8 39. Qxh4+ Kg8 40. Qe4 f5 41.
Qa8+ Bc8 42. Ng3 Kh7 43. Qd5 Rd8 44. Qb3 Bb7 45. Qb1 e4 46. Ne2 Ne5 47. Nf4 Bc8
48. Rd1 Rxd1+ 49. Qxd1 Nf3+ 50. gxf3 Qxf4 51. fxe4 Qxe4 52. Qf3 Qc4 53. Qf4 Qc3
54. Qh4+ Bh6 55. Re2 g5 56. Qh5 Qc1+ 57. Kf2 Qf4+ 58. Qf3 Qxf3+ 59. Kxf3 Bb7+
60. Kg3 f4+ $11 61. Kg4 Bc8+ 62. Kh5 f3 63. Re7+ Bg7 64. Bd4 $11 1-0

[Event "112th YMCA Autumn B"]
[Site "Warszawa"]
[Date "2012.10.17"]
[Round "5"]
[White "Debowska, Teresa"]
[Black "Krzyzanowski, Antoni"]
[Result "1-0"]
[WhiteElo "1837"]
[BlackElo "1729"]
[PlyCount "147"]
[EventDate "2012.09.18"]
[EventType "tourn"]
[EventRounds "1"]
[EventCountry "POL"]
[SourceDate "2012.09.18"]

1. g3 d5 2. Bg2 Nf6 3. d3 e5 4. Nd2 Nc6 5. e4 Bg4 6. f3 Bh5 7. c3 Bc5 8. Qe2
O-O 9. h4 dxe4 10. dxe4 Qd7 11. Bh3 Qe7 12. b4 Bxb4 13. cxb4 Nxb4 14. Kf1 h6
15. g4 Bg6 16. Nb3 Rad8 17. Ba3 c5 18. Bxb4 cxb4 19. Rc1 Rd6 20. Qc2 Rc6 21.
Qe2 Rfc8 22. Rxc6 Rxc6 23. Rh2 Qc7 24. Qd2 a5 25. Re2 a4 26. Qxb4 axb3 27. Qxb3
Rc1+ 28. Kf2 Qc5+ 29. Qe3 Nd7 30. h5 Bh7 31. Qxc5 Nxc5 32. Rd2 f6 33. Ne2 Rc4
34. Bf1 Kf7 35. Ng3 Ra4 36. Rc2 Ra5 37. Bc4+ Ke7 38. Bd5 Nd3+ 39. Ke3 Nf4 40.
Bb3 Kd7 41. Ne2 Nxe2 42. Kxe2 g6 43. Bf7 gxh5 44. gxh5 Ra6 45. Rb2 Kc7 46. Bd5
Rb6 47. Rc2+ Kd7 48. Bb3 f5 49. Ke3 fxe4 50. fxe4 Rb4 51. Rc4 Rxc4 52. Bxc4 Ke7
53. a4 b6 54. Kd3 Kf6 55. Ke3 Kg5 56. Bf7 Kf6 57. Be8 Bg8 58. Kf3 Kg5 59. Ke3
Bc4 60. Kf3 Bb3 61. Ke3 Bc2 62. Bc6 Kxh5 63. Kd2 Bb3 64. Kc3 Bd1 65. Kc4 Kg5
66. Kb5 h5 67. Kxb6 h4 68. a5 h3 69. a6 h2 70. a7 h1=Q 71. a8=Q Qg1+ 72. Kc7
Kf4 73. Qf8+ Ke3 74. Qc5+ 1-0

[Event "112th YMCA Autumn B"]
[Site "Warszawa"]
[Date "2012.10.17"]
[Round "5"]
[White "Pajak, Jakub"]
[Black "Jarmuzynska, Kamila"]
[Result "1-0"]
[WhiteElo "1762"]
[BlackElo "1723"]
[PlyCount "53"]
[EventDate "2012.09.18"]
[EventType "tourn"]
[EventRounds "1"]
[EventCountry "POL"]
[SourceDate "2012.09.18"]

1. Nf3 e6 2. d3 d5 3. g3 c5 4. Bg2 Nc6 5. O-O Be7 6. Nbd2 Nf6 7. c4 Qc7 8. Rb1
h5 9. h4 Ng4 10. Nb3 Bd6 11. Qe1 d4 12. a3 b6 13. Nbd2 f5 14. Kh1 Rh6 15. Nh2
Nxh2 16. Kxh2 Rg6 17. Nf3 Bb7 18. b4 f4 19. Ng5 Ne5 20. Bxb7 fxg3+ 21. fxg3
Ng4+ 22. Kh3 Qxb7 23. Rf7 Qb8 24. bxc5 Bxc5 25. Qf1 Nf6 26. Qf3 Bd6 27. Qc6+
1-0

[Event "112th YMCA Autumn B"]
[Site "Warszawa"]
[Date "2012.10.19"]
[Round "5"]
[White "Kurowski, Andrzej"]
[Black "Kowalczyk, Waldemar"]
[Result "1/2-1/2"]
[WhiteElo "1782"]
[BlackElo "1702"]
[PlyCount "70"]
[EventDate "2012.09.18"]
[EventType "tourn"]
[EventRounds "1"]
[EventCountry "POL"]
[SourceDate "2012.09.18"]

1. d4 Nf6 2. Nf3 g6 3. c4 Bg7 4. Nc3 O-O 5. e4 d6 6. Be2 e5 7. O-O Nc6 8. d5
Ne7 9. Ne1 Nd7 10. f3 f5 11. Be3 f4 12. Bf2 g5 13. Nd3 Nf6 14. c5 h5 15. a4 Ng6
16. a5 a6 17. cxd6 cxd6 18. Na4 g4 19. Nb6 Rb8 20. Nxc8 Qxc8 21. Rc1 Qd7 22.
Qb3 Rfc8 23. Nb4 Kh7 24. Na2 Bh6 25. Rc3 g3 26. Bb6 gxh2+ 27. Kxh2 Rxc3 28.
Nxc3 Ng4+ 29. fxg4 hxg4 30. Rh1 Qe7 31. Bxg4 Qh4+ 32. Bh3 Qg3+ 33. Kg1 Qe1+ 34.
Kh2 Qg3+ 35. Kg1 Qe1+ 1/2-1/2

[Event "112th YMCA Autumn B"]
[Site "Warszawa"]
[Date "2012.10.22"]
[Round "5"]
[White "Lasota, Adam"]
[Black "Szukalski, Antoni"]
[Result "1-0"]
[WhiteElo "1873"]
[BlackElo "1836"]
[PlyCount "125"]
[EventDate "2012.09.18"]
[EventType "tourn"]
[EventRounds "1"]
[EventCountry "POL"]
[SourceDate "2012.09.18"]

1. d4 d5 2. Bf4 Nf6 3. e3 e6 4. Nf3 Nbd7 5. Nbd2 c5 6. c3 Qb6 7. Rb1 Bd6 8. Ne5
Qc7 9. Nxd7 Bxd7 10. Bxd6 Qxd6 11. f4 Ne4 12. Nf3 O-O 13. Bd3 cxd4 14. Bxe4
dxe4 15. Qxd4 Qxd4 16. Nxd4 Rfd8 17. O-O f5 18. Rbd1 Kf7 19. Rd2 Bb5 20. Rfd1
Bd3 21. Nb3 Rd5 22. Nc1 Bc4 23. b3 Rxd2 24. Rxd2 Bd5 25. c4 Bc6 26. Ne2 Ke7 27.
Nd4 Be8 28. h3 Rc8 29. g4 g6 30. a4 a6 31. Kf2 Rc5 32. Ke1 Bd7 33. g5 Be8 34.
Ra2 Kd6 35. Kd2 e5 36. fxe5+ Kxe5 37. Kc3 Rc7 38. Rd2 h6 39. h4 hxg5 40. hxg5
Rh7 41. Ne2 Rd7 42. Rxd7 Bxd7 43. Nf4 Be8 44. a5 Kd6 45. Kd4 Ke7 46. Kc5 Kd7
47. Kb6 Kc8 48. b4 Bf7 49. b5 axb5 50. cxb5 Kb8 51. a6 bxa6 52. bxa6 Ka8 53. a7
Bg8 54. Nxg6 Bf7 55. Nf4 Bg8 56. Ne2 Bc4 57. Nd4 f4 58. exf4 e3 59. f5 e2 60.
Nxe2 Bxe2 61. g6 Bh5 62. g7 Bf7 63. f6 1-0

[Event "112th YMCA Autumn B"]
[Site "Warszawa"]
[Date "2012.10.17"]
[Round "5"]
[White "Sawicki, Wojciech"]
[Black "Herman, Monika"]
[Result "1-0"]
[WhiteElo "1745"]
[BlackElo "1712"]
[PlyCount "93"]
[EventDate "2012.09.18"]
[EventType "tourn"]
[EventRounds "1"]
[EventCountry "POL"]
[SourceDate "2012.09.18"]

1. e4 e5 2. Nf3 Nc6 3. Bb5 d6 4. d4 exd4 5. Nxd4 Bd7 6. Bxc6 bxc6 7. Nc3 g6 8.
Be3 Bg7 9. Qd2 Ne7 10. Bh6 Bxh6 11. Qxh6 Ng8 12. Qe3 Qe7 13. O-O f5 14. exf5
Qxe3 15. fxe3 c5 16. fxg6 hxg6 17. Ndb5 Bxb5 18. Nxb5 Rh7 19. c4 a6 20. Nc3 Rb8
21. b3 Kd7 22. Rf3 Ne7 23. Raf1 Rbh8 24. h3 Rh5 25. Rf7 Ke8 26. e4 Rg5 27. Nd5
Nxd5 28. exd5 Kd8 29. Rf8+ Rxf8 30. Rxf8+ Kd7 31. Ra8 Re5 32. Rxa6 Re2 33. Ra8
Rb2 34. Rg8 Rxa2 35. Rxg6 Rb2 36. Rg3 c6 37. Rg7+ Kc8 38. dxc6 Rxb3 39. h4 Rb4
40. h5 Rxc4 41. h6 Rh4 42. h7 c4 43. Rg8+ Kc7 44. h8=Q Rxh8 45. Rxh8 c3 46. Kf2
d5 47. Ke3 1-0

[Event "112th YMCA Autumn B"]
[Site "Warszawa"]
[Date "2012.10.23"]
[Round "6"]
[White "Szukalski, Antoni"]
[Black "Sawicki, Wojciech"]
[Result "1/2-1/2"]
[WhiteElo "1836"]
[BlackElo "1745"]
[PlyCount "80"]
[EventDate "2012.09.18"]
[EventType "tourn"]
[EventRounds "1"]
[EventCountry "POL"]
[SourceDate "2012.09.18"]

1. e4 e5 2. Nf3 Nc6 3. Bb5 a6 4. Ba4 Nf6 5. O-O Be7 6. Re1 b5 7. Bb3 O-O 8. c3
d5 9. exd5 Nxd5 10. Nxe5 Nxe5 11. Rxe5 c6 12. Bxd5 cxd5 13. d4 Bd6 14. Re1 Qh4
15. g3 Qh3 16. Qf3 Bg4 17. Qg2 Qh5 18. Be3 Bf3 19. Qf1 f5 20. Nd2 f4 21. Nxf3
fxe3 22. Rxe3 Rxf3 23. Qe2 Rf5 24. Qc2 Rff8 25. a4 Rae8 26. Rae1 Rxe3 27. Rxe3
Re8 28. axb5 axb5 29. Qb3 Rxe3 30. fxe3 Qf3 31. Qxb5 Qxe3+ 32. Kg2 Qe4+ 33. Kg1
h5 34. Qd7 Qe7 35. Qc8+ Kh7 36. Qf5+ g6 37. Qxd5 Qe1+ 38. Kg2 Qe2+ 39. Kg1 Qe1+
40. Kg2 Qe2+ 1/2-1/2

[Event "112th YMCA Autumn B"]
[Site "Warszawa"]
[Date "2012.10.24"]
[Round "6"]
[White "Kowalczyk, Waldemar"]
[Black "Lasota, Adam"]
[Result "0-1"]
[WhiteElo "1702"]
[BlackElo "1873"]
[PlyCount "90"]
[EventDate "2012.09.18"]
[EventType "tourn"]
[EventRounds "1"]
[EventCountry "POL"]
[SourceDate "2012.09.18"]

1. d4 Nf6 2. c4 g6 3. Nc3 d5 4. cxd5 Nxd5 5. e4 Nxc3 6. bxc3 Bg7 7. Bc4 c5 8.
Ne2 Nc6 9. Be3 O-O 10. O-O Qc7 11. Qd2 Rd8 12. Rac1 a6 13. Rfd1 b5 14. Bd3 e6
15. Bh6 Bh8 16. e5 Bb7 17. Qf4 f6 18. exf6 Qxf4 19. Nxf4 Kf7 20. Re1 cxd4 21.
Nxe6 Re8 22. Ng5+ Kxf6 23. Nxh7+ Kf7 24. Ng5+ Kg8 25. Bxg6 Rxe1+ 26. Rxe1 Bg7
27. Bh7+ Kh8 28. Bxg7+ Kxg7 29. cxd4 Kh6 30. h4 Nxd4 31. Rd1 Ne2+ 32. Kh2 Rf8
33. Be4 Bxe4 34. Nxe4 Rf4 35. Rd6+ Kg7 36. Ng5 Rxh4+ 37. Nh3 Ra4 38. Rd2 Nc3
39. Rc2 b4 40. Nf4 Rxa2 41. Rc1 Rxf2 42. Nd3 Rf6 43. Nxb4 Rh6+ 44. Kg1 Ne2+ 45.
Kf2 Nxc1 0-1

[Event "112th YMCA Autumn B"]
[Site "Warszawa"]
[Date "2012.10.30"]
[Round "6"]
[White "Jarmuzynska, Kamila"]
[Black "Kurowski, Andrzej"]
[Result "1-0"]
[WhiteElo "1723"]
[BlackElo "1782"]
[PlyCount "63"]
[EventDate "2012.09.18"]
[EventType "tourn"]
[EventRounds "1"]
[EventCountry "POL"]
[SourceDate "2012.09.18"]

1. e4 e6 2. e5 d5 3. d4 c5 4. c3 Nc6 5. f4 Qb6 6. Nf3 cxd4 7. Nxd4 Nxd4 8. cxd4
Ne7 9. Nc3 Nc6 10. Bb5 Bb4 11. Bxc6+ bxc6 12. O-O O-O 13. Rf3 c5 14. Na4 Qc7
15. a3 Ba5 16. Nxc5 Bb6 17. b4 a5 18. Bb2 f6 19. Rc1 Qf7 20. Qc2 axb4 21. axb4
Rb8 22. Ba3 Qa7 23. Rh3 g6 24. Rg3 fxe5 25. fxe5 Ba6 26. Bb2 Bc4 27. Nxe6 Rfe8
28. Nc5 Rxe5 29. dxe5 Bxc5+ 30. bxc5 Qxc5+ 31. Kh1 Rf8 32. Ba3 1-0

[Event "112th YMCA Autumn B"]
[Site "Warszawa"]
[Date "2012.08.24"]
[Round "6"]
[White "Krzyzanowski, Antoni"]
[Black "Pajak, Jakub"]
[Result "0-1"]
[WhiteElo "1729"]
[BlackElo "1762"]
[PlyCount "76"]
[EventDate "2012.09.18"]
[EventType "tourn"]
[EventRounds "1"]
[EventCountry "POL"]
[SourceDate "2012.09.18"]

1. f4 g6 2. Nf3 Bg7 3. e4 d6 4. d4 Nd7 5. e5 dxe5 6. fxe5 e6 7. Bg5 Ne7 8. Nc3
c6 9. Ne4 h6 10. Nd6+ Kf8 11. Bh4 g5 12. Bxg5 hxg5 13. Nxg5 Qa5+ 14. c3 Nxe5
15. Ngxf7 Nxf7 16. Qf3 Nf5 17. Nxf7 Kxf7 18. Bc4 Bxd4 19. O-O-O Bf6 20. Rhf1
Qc5 21. Qxf5 Qxf5 22. Rxf5 Kg6 23. Rf3 Bg5+ 24. Kb1 b5 25. Bb3 Rxh2 26. Rg3 e5
27. Bc2+ Kh5 28. Be4 Bg4 29. Rd6 Rd8 30. Rxc6 Rd1+ 31. Kc2 Rd2+ 32. Kb3 Bd1+
33. Ka3 Kh4 34. Rd3 Rxd3 35. Bxd3 Rxg2 36. Bxb5 Bc1 37. Rc4+ Kg3 38. Rb4 a5 0-1

[Event "112th YMCA Autumn B"]
[Site "Warszawa"]
[Date "2012.10.24"]
[Round "6"]
[White "Koziol, Pawel"]
[Black "Debowska, Teresa"]
[Result "1/2-1/2"]
[WhiteElo "1829"]
[BlackElo "1837"]
[Annotator "Admin"]
[PlyCount "154"]
[EventDate "2012.09.18"]
[EventType "tourn"]
[EventRounds "1"]
[EventCountry "POL"]
[SourceDate "2012.09.18"]

1. d4 g6 2. e4 Bg7 3. Nf3 d6 4. c4 Nf6 5. Nc3 O-O 6. Be2 Nbd7 7. O-O c5 8. d5
Ng4 9. h3 Nge5 10. Nd2 Nb6 11. a4 a5 12. f4 Ned7 13. Nf3 h6 14. Be3 Nb8 15. Qd2
Kh7 16. Bd3 Na6 17. f5 Nb4 18. fxg6+ fxg6 19. Nh4 Nxd3 20. Rxf8 Bxf8 21. Qxd3
e5 22. Nf3 Bd7 23. b3 Qe7 24. Rf1 Bg7 25. Ne2 Be8 26. Ng3 Nd7 27. h4 Nf6 28. h5
Nxh5 29. Nxh5 gxh5 30. Qd2 Bg6 31. Qc2 Rf8 32. Bf2 Bf6 33. Qe2 b6 34. Qe1 Qd7
35. Nd2 Qg4 36. Be3 Rf7 37. Rf3 Bh4 38. Rxf7+ Bxf7 39. Qf1 Qg6 40. Qf5 Qxf5 41.
exf5 Be7 42. Ne4 $11 Bf8 43. Bf2 Be7 44. Kh2 Kg7 45. Kh3 Bg8 46. Bh4 Kf7 47.
Ng3 Bh7 48. Bxe7 Kxe7 49. Kh4 Kf6 50. Kxh5 Bxf5 51. Kxh6 Bc2 52. Nf1 Bg6 53. g4
e4 54. Ne3 Be8 55. g5+ Ke5 56. g6 Kf4 57. g7 Bf7 58. Nc2 Bg8 59. Kg6 Ke5 60.
Ne3 Kf4 61. Nc2 Ke5 $11 62. Ne1 e3 63. Nc2 e2 64. Ne1 Kd4 65. Kf6 Kc3 66. Ke7
Kxb3 67. Kxd6 Kxc4 68. Kc6 Bxd5+ 69. Kxb6 Kb4 70. Nd3+ Kxa4 71. Kxc5 Bg8 72.
Kd4 Kb3 73. Nc1+ $11 Kc2 74. Nxe2 a4 75. Nc3 a3 76. Nd5 Kb2 77. Nb4 a2 $11
1/2-1/2

[Event "112th YMCA Autumn B"]
[Site "Warszawa"]
[Date "2012.10.24"]
[Round "6"]
[White "Moskwinski, Marek"]
[Black "Maciejewski, Andrzej"]
[Result "0-1"]
[WhiteElo "1809"]
[BlackElo "1780"]
[PlyCount "50"]
[EventDate "2012.09.18"]
[EventType "tourn"]
[EventRounds "1"]
[EventCountry "POL"]
[SourceDate "2012.09.18"]

1. e4 c5 2. Nf3 d6 3. d4 cxd4 4. Nxd4 Nf6 5. Nc3 g6 6. Be3 Bg7 7. f3 O-O 8. Qd2
Nc6 9. Bc4 Bd7 10. O-O-O Rb8 11. h4 Na5 12. Bb3 b5 13. g4 Nc4 14. Bxc4 bxc4 15.
h5 Qb6 16. b3 Qa5 17. hxg6 fxg6 18. Kb2 Rfc8 19. Nce2 Qxd2 20. Rxd2 e5 21. Nf5
gxf5 22. Rxd6 Bb5 23. Nc3 cxb3 24. axb3 fxe4 25. g5 Ne8 0-1

[Event "112th YMCA Autumn B"]
[Site "Warszawa"]
[Date "2012.11.13"]
[Round "7"]
[White "Debowska, Teresa"]
[Black "Moskwinski, Marek"]
[Result "0-1"]
[WhiteElo "1837"]
[BlackElo "1809"]
[PlyCount "76"]
[EventDate "2012.09.18"]
[EventType "tourn"]
[EventRounds "1"]
[EventCountry "POL"]
[SourceDate "2012.09.18"]

1. e4 c5 2. Nc3 g6 3. g3 Bg7 4. Bg2 Nc6 5. d3 d6 6. Be3 Nf6 7. h3 O-O 8. Qd2 a6
9. f4 Qa5 10. Nf3 Nh5 11. Bf2 Nd4 12. g4 Nxf4 13. Qxf4 Nxc2+ 14. Kd2 Nxa1 15.
Rxa1 Be6 16. e5 Rfd8 17. Qa4 Qxa4 18. Nxa4 b5 19. Nc3 b4 20. Na4 Rab8 21. exd6
exd6 22. d4 Bd5 23. Kd3 c4+ 24. Kc2 Be4+ 25. Kd2 Bc6 26. b3 c3+ 27. Kd3 Bb5+
28. Kc2 Re8 29. Ng1 Re7 30. Bf3 Bh6 31. Bg3 Re3 32. Bxd6 Bd3+ 33. Kd1 Rbe8 34.
Be5 c2+ 35. Kc1 Re1+ 36. Kb2 c1=Q+ 37. Rxc1 Bxc1+ 38. Ka1 Ba3+ 0-1

[Event "112th YMCA Autumn B"]
[Site "Warszawa"]
[Date "2012.11.06"]
[Round "7"]
[White "Pajak, Jakub"]
[Black "Koziol, Pawel"]
[Result "0-1"]
[WhiteElo "1762"]
[BlackElo "1829"]
[PlyCount "80"]
[EventDate "2012.09.18"]
[EventType "tourn"]
[EventRounds "1"]
[EventCountry "POL"]
[SourceDate "2012.09.18"]

1. e4 c6 2. c4 e5 3. Nf3 d6 4. d4 Nd7 5. Nc3 Ngf6 6. d5 Be7 7. Bd3 O-O 8. O-O
Ne8 9. Qc2 g6 10. Bh6 Ng7 11. b4 Nf6 12. b5 cxd5 13. Nxd5 Nxd5 14. cxd5 Bg4 15.
Qe2 f5 16. Rac1 Rf7 17. Bxg7 Kxg7 18. Rc2 Bxf3 19. Qxf3 fxe4 20. Qxe4 Rf4 21.
Qe2 Qd7 22. Rfc1 Bd8 23. g3 Rf6 24. Qe4 Bb6 25. Kg2 Raf8 26. f3 Rxf3 27. Qxf3
Rxf3 28. Kxf3 Qf7+ 29. Kg4 Qxd5 30. Bc4 Qe4+ 31. Kh3 g5 32. Be2 d5 33. Bg4 Qg6
34. Rd2 h5 35. Bd1 g4+ 36. Kg2 Qe4+ 37. Kf1 Qh1+ 38. Ke2 Qg2+ 39. Ke1 Ba5 40.
Rc7+ Kf6 0-1

[Event "112th YMCA Autumn B"]
[Site "Warszawa"]
[Date "2012.10.26"]
[Round "7"]
[White "Kurowski, Andrzej"]
[Black "Krzyzanowski, Antoni"]
[Result "1/2-1/2"]
[WhiteElo "1782"]
[BlackElo "1729"]
[Annotator "Admin"]
[PlyCount "87"]
[EventDate "2012.09.18"]
[EventType "tourn"]
[EventRounds "1"]
[EventCountry "POL"]
[SourceDate "2012.09.18"]

1. d4 c6 2. Nf3 d5 3. c4 Nf6 4. Nc3 e6 5. Bg5 h6 6. Bxf6 Qxf6 7. e3 Nd7 8. Bd3
Bb4 9. O-O O-O 10. Qb3 Ba5 11. e4 dxc4 12. Bxc4 e5 13. d5 Nc5 14. Qc2 Bg4 15.
Nd2 Qg6 16. Kh1 b5 17. Nb3 Bxc3 18. Nxc5 Bd4 19. Bb3 Rac8 20. f3 cxd5 21. fxg4
Rxc5 22. Qe2 dxe4 23. Rf5 Kh8 24. Qxe4 Bxb2 25. Raf1 f6 26. Rxe5 Qxe4 27. Rxe4
Rfc8 28. h4 Rc1 29. Ree1 Rxe1 30. Rxe1 Rc1 31. Rxc1 Bxc1 32. Kg1 g6 33. h5 Kg7
34. Kf2 gxh5 35. gxh5 f5 36. Ke2 Kf6 37. Kd3 Ke5 38. a4 bxa4 39. Bxa4 Kf4 40.
Kc4 Kg3 41. Bc6 a5 42. Kb5 Bd2 43. Ka4 Kg4 44. Bf3+ $11 1/2-1/2

[Event "112th YMCA Autumn B"]
[Site "Warszawa"]
[Date "2012.10.31"]
[Round "7"]
[White "Lasota, Adam"]
[Black "Jarmuzynska, Kamila"]
[Result "1-0"]
[WhiteElo "1873"]
[BlackElo "1723"]
[Annotator "Admin"]
[PlyCount "79"]
[EventDate "2012.09.18"]
[EventType "tourn"]
[EventRounds "1"]
[EventCountry "POL"]
[SourceDate "2012.09.18"]

1. d4 d5 2. Bf4 Nf6 3. e3 Bf5 4. c4 e6 5. Qb3 Qc8 6. Nc3 c6 7. Rc1 Nbd7 8. Be2
Be7 9. h3 O-O 10. Nf3 dxc4 11. Bxc4 Nb6 12. Be2 Nbd5 13. Bh2 Ne4 14. Nxe4 Bxe4
15. O-O Nb6 16. a4 Bd8 17. Nd2 Bg6 18. Bf3 Qd7 19. a5 Nd5 20. Nc4 f6 21. Nd6 b5
22. axb6 Bxb6 23. e4 Ne7 24. e5 Bxd4 25. exf6 Bxf6 26. Ne4 Nd5 27. Nxf6+ gxf6
28. Rc5 Bf7 29. Qa4 Rfc8 30. Rfc1 Be8 31. Be2 e5 32. Qh4 Qe6 $11 33. Bg4 f5 34.
Qg5+ Bg6 35. Be2 Kh8 36. Bc4 e4 37. h4 Rf8 38. h5 Be8 39. Bxd5 cxd5 40. Rc7
$138 1-0

[Event "112th YMCA Autumn B"]
[Site "Warszawa"]
[Date "2012.10.26"]
[Round "7"]
[White "Sawicki, Wojciech"]
[Black "Kowalczyk, Waldemar"]
[Result "0-1"]
[WhiteElo "1745"]
[BlackElo "1702"]
[Annotator "Admin"]
[PlyCount "79"]
[EventDate "2012.09.18"]
[EventType "tourn"]
[EventRounds "1"]
[EventCountry "POL"]
[SourceDate "2012.09.18"]

1. e4 e6 2. d4 d5 3. Nc3 Nf6 4. e5 Nfd7 5. f4 c5 6. Nf3 Nc6 7. Be3 Be7 8. dxc5
Bxc5 9. Bxc5 Nxc5 10. Nb5 O-O 11. c3 b6 12. Nd6 Nb7 13. Nxc8 Rxc8 14. Bd3 f5
15. exf6 Qxf6 16. O-O Nc5 17. g3 d4 18. cxd4 Nxd4 19. Bxh7+ Kxh7 20. Qxd4 Rfd8
21. Qxf6 gxf6 22. Rfd1 Kg6 23. Rac1 a5 24. Nd4 e5 25. fxe5 fxe5 26. Nf3 e4 27.
Ne5+ Kf6 28. Rxd8 Rxd8 29. Nc4 Nd3 30. Rf1+ Ke6 31. b3 b5 32. Ne3 Ne5 33. Rd1
Rc8 34. Kf2 Rc3 35. h4 Nd3+ 36. Kg2 Ne5 37. Nf1 Nd3 38. Rd2 Ne1+ 39. Kf2 Nd3+
40. Ke3 $138 0-1

[Event "112th YMCA Autumn B"]
[Site "Warszawa"]
[Date "2012.10.31"]
[Round "7"]
[White "Herman, Monika"]
[Black "Szukalski, Antoni"]
[Result "0-1"]
[WhiteElo "1712"]
[BlackElo "1836"]
[PlyCount "72"]
[EventDate "2012.09.18"]
[EventType "tourn"]
[EventRounds "1"]
[EventCountry "POL"]
[SourceDate "2012.09.18"]

1. e4 c5 2. Nf3 e6 3. d4 cxd4 4. Nxd4 Nc6 5. Nb5 d6 6. Bf4 e5 7. Be3 Nf6 8.
N1c3 a6 9. Na3 b5 10. Nd5 Rb8 11. Nxf6+ Qxf6 12. Be2 Be7 13. c3 O-O 14. Nc2 Be6
15. Qd2 Rfd8 16. O-O Qg6 17. Bf3 f6 18. Rfd1 Qf7 19. a4 Na5 20. Qe1 Bb3 21.
axb5 Bxc2 22. Rxa5 Bxd1 23. Qxd1 axb5 24. Be2 d5 25. exd5 Qxd5 26. Qf1 Kf8 27.
c4 Qe4 28. Ba7 Bb4 29. Rxb5 Rxb5 30. cxb5 Qc2 31. b6 Bc5 32. b4 Bd4 33. g3 Rd6
34. Bd1 Bxf2+ 35. Qxf2 Rxd1+ 36. Kg2 Rd2 0-1

[Event "112th YMCA Autumn B"]
[Site "Warszawa"]
[Date "2012.11.07"]
[Round "8"]
[White "Kowalczyk, Waldemar"]
[Black "Herman, Monika"]
[Result "1-0"]
[WhiteElo "1702"]
[BlackElo "1712"]
[PlyCount "51"]
[EventDate "2012.09.18"]
[EventType "tourn"]
[EventRounds "1"]
[EventCountry "POL"]
[SourceDate "2012.09.18"]

1. d4 Nf6 2. c4 e6 3. Nf3 Bb4+ 4. Bd2 Qe7 5. Nc3 O-O 6. e3 c5 7. a3 cxd4 8.
exd4 Bxc3 9. Bxc3 Nc6 10. Be2 d5 11. O-O dxc4 12. Bxc4 Rd8 13. Re1 b6 14. Qe2
Bb7 15. Rad1 Nd5 16. Bd2 Rac8 17. Ba2 Rd7 18. Bg5 Qd6 19. Ne5 Rdc7 20. Bb1 Nce7
21. Bxh7+ Kxh7 22. Qh5+ Kg8 23. Qxf7+ Kh7 24. Rd3 Nf5 25. Rh3+ Nh6 26. Rxh6#
1-0

[Event "112th YMCA Autumn B"]
[Site "Warszawa"]
[Date "2012.11.07"]
[Round "8"]
[White "Jarmuzynska, Kamila"]
[Black "Sawicki, Wojciech"]
[Result "1-0"]
[WhiteElo "1723"]
[BlackElo "1745"]
[PlyCount "41"]
[EventDate "2012.09.18"]
[EventType "tourn"]
[EventRounds "1"]
[EventCountry "POL"]
[SourceDate "2012.09.18"]

1. e4 e5 2. Nf3 Nc6 3. Bc4 Nf6 4. Ng5 Bc5 5. Bxf7+ Ke7 6. Bd5 Rf8 7. O-O d6 8.
Bxc6 bxc6 9. d3 Bg4 10. Nf3 Qe8 11. Be3 Qg6 12. Bxc5 Nxe4 13. Nxe5 Bxd1 14.
Nxg6+ hxg6 15. Bxd6+ cxd6 16. Rxd1 Nxf2 17. Re1+ Kd7 18. h3 Rf7 19. Nd2 g5 20.
Re2 Raf8 21. Rf1 1-0

[Event "112th YMCA Autumn B"]
[Site "Warszawa"]
[Date "2012.11.12"]
[Round "8"]
[White "Krzyzanowski, Antoni"]
[Black "Lasota, Adam"]
[Result "1/2-1/2"]
[WhiteElo "1729"]
[BlackElo "1873"]
[PlyCount "110"]
[EventDate "2012.09.18"]
[EventType "tourn"]
[EventRounds "1"]
[EventCountry "POL"]
[SourceDate "2012.09.18"]

1. d4 Nf6 2. c4 g6 3. Nc3 d5 4. cxd5 Nxd5 5. e4 Nxc3 6. bxc3 Bg7 7. Be3 O-O 8.
Rc1 c5 9. d5 Qa5 10. Qd2 Rd8 11. Nf3 Nd7 12. c4 Qxd2+ 13. Kxd2 Nf6 14. Bd3 b6
15. Rhd1 Ng4 16. a4 f5 17. Ke2 Nxe3 18. fxe3 fxe4 19. Bxe4 Bd7 20. Bc2 a6 21.
Rb1 b5 22. d6 Be6 23. cxb5 exd6 24. b6 Rab8 25. b7 Kf8 26. Rb6 Ke7 27. e4 Rd7
28. e5 Rdxb7 29. exd6+ Kd7 30. Rxb7+ Rxb7 31. a5 Rb2 32. Rd2 Ra2 33. Ng5 Bg4+
34. Kf2 Bh6 35. h4 Rxa5 36. Kg3 Bxg5 37. hxg5 Be6 38. Kf4 c4 39. Rd4 Bd5 40.
Ke5 Bxg2+ 41. Kf6 Bd5 42. Kg7 Kxd6 43. Kxh7 Ke5 44. Rh4 Ra2 45. Bxg6 c3 46. Rg4
Rg2 47. Ra4 Rxg5 48. Rxa6 Kd4 49. Ra7 Re5 50. Kg7 Be4 51. Rd7+ Ke3 52. Rc7 Kd2
53. Kf6 Bxg6 54. Kxe5 c2 55. Rxc2+ Bxc2 1/2-1/2

[Event "112th YMCA Autumn B"]
[Site "Warszawa"]
[Date "2012.11.09"]
[Round "8"]
[White "Koziol, Pawel"]
[Black "Kurowski, Andrzej"]
[Result "1/2-1/2"]
[WhiteElo "1829"]
[BlackElo "1782"]
[PlyCount "112"]
[EventDate "2012.09.18"]
[EventType "tourn"]
[EventRounds "1"]
[EventCountry "POL"]
[SourceDate "2012.09.18"]

1. d4 f5 2. Bg5 h6 3. Bh4 g5 4. e3 Nf6 5. Bg3 d6 6. Be2 Be6 7. Nd2 Bg7 8. c3
Nbd7 9. h4 Bf7 10. Qc2 Bg6 11. Bd3 e6 12. O-O-O Qe7 13. hxg5 hxg5 14. Rxh8+
Bxh8 15. Nh3 Nh5 16. Bh2 g4 17. Ng1 O-O-O 18. Ne2 Kb8 19. e4 Rf8 20. f3 Qh4 21.
Bg1 f4 22. d5 exd5 23. exd5 Bxd3 24. Qxd3 Ne5 25. Qh7 Qg5 26. Nd4 Nf6 27. Qxc7+
Kxc7 28. Ne6+ Kb8 29. Nxg5 Nxd5 30. Nde4 Ne3 31. Rxd6 Nxg2 32. fxg4 Nxg4 33.
Ne6 Re8 34. Rd8+ Rxd8 35. Nxd8 N2e3 36. Ne6 Be5 37. N4g5 Kc8 38. Nh3 f3 39.
Neg5 Bh2 40. Nxf3 Bxg1 41. Nhxg1 Nc4 42. b3 Nce5 43. Kd2 Kc7 44. Nxe5 Nxe5 45.
Ke3 Kd6 46. Ne2 b5 47. Nd4 Kc5 48. Ke4 Nd7 49. Nc2 a5 50. Ne3 Nb6 51. Kd3 Nd7
52. Ng4 Kd5 53. Ne3+ Kc5 54. Ke4 Nb6 55. Ke5 Nd7+ 56. Ke4 Nb6 1/2-1/2